Effect of organic mulching on lettuce under condition of royal university of agriculture ឥទ្ធិពលគំរបធម្មជាតិទៅលើដំណាំសាលាដក្នុងលក្ខខណ្ឌសាកលវិទ្យាល័យភូមិន្ទកសិកម្ម (Record no. 895)
[ view plain ]
| 000 -LEADER | |
|---|---|
| fixed length control field | 00664nam a22001577a 4500 |
| 003 - CONTROL NUMBER IDENTIFIER | |
| control field | OSt |
| 005 - DATE AND TIME OF LATEST TRANSACTION | |
| control field | 20150920113350.0 |
| 008 - FIXED-LENGTH DATA ELEMENTS--GENERAL INFORMATION | |
| fixed length control field | 150920b xxu||||| |||| 00| 0 eng d |
| 040 ## - CATALOGING SOURCE | |
| Transcribing agency | RUA |
| 082 ## - DEWEY DECIMAL CLASSIFICATION NUMBER | |
| Classification number | AGR HE 2008 B038 Or.1 |
| 100 ## - MAIN ENTRY--PERSONAL NAME | |
| 9 (RLIN) | 928 |
| Personal name | HE, LAPY. |
| 245 ## - TITLE STATEMENT | |
| Title | Effect of organic mulching on lettuce under condition of royal university of agriculture ឥទ្ធិពលគំរបធម្មជាតិទៅលើដំណាំសាលាដក្នុងលក្ខខណ្ឌសាកលវិទ្យាល័យភូមិន្ទកសិកម្ម |
| 260 ## - PUBLICATION, DISTRIBUTION, ETC. (IMPRINT) | |
| Place of publication, distribution, etc. | Phnom Penh |
| Name of publisher, distributor, etc. | RUA |
| Date of publication, distribution, etc. | 2008 |
| 300 ## - PHYSICAL DESCRIPTION | |
| Extent | xi; 53p. |
| Other physical details | ill. |
| Dimensions | 29cm. |
| 942 ## - ADDED ENTRY ELEMENTS (KOHA) | |
| Source of classification or shelving scheme | |
| Koha item type | AGR |
| Price effective from | Date last seen | Permanent Location | Not for loan | Date acquired | Source of classification or shelving scheme | Koha item type | Lost status | Withdrawn status | Date last checked out | Total Checkouts | Shelving location | Damaged status | Barcode | Current Location | Full call number |
|---|---|---|---|---|---|---|---|---|---|---|---|---|---|---|---|
| 2015-09-20 | 2018-01-15 | Library Block B | 2015-09-20 | AGR | 2018-01-03 | 1 | B038 | RUA000916 | Library Block B | AGR HE 2008 B038 Or.1 | |||||
| 2015-09-20 | 2018-09-17 | Library Block B | 2015-09-20 | AGR | 2018-09-04 | 6 | B038 | RUA000977 | Library Block B | AGR HE 2008 B038 Or.2 | |||||
| 2015-09-20 | 2022-12-07 | Library Block B | 2015-09-20 | AGR | 2022-12-02 | 9 | B038 | RUA000926 | Library Block B | AGR HE 2008 B038 Or.3 | |||||
| 2015-09-20 | 2016-02-16 | Library Block B | 2015-09-20 | AGR | 2016-02-02 | 1 | B038 | RUA000929 | Library Block B | AGR HE 2008 B038 Or.4 | |||||
| 2015-09-20 | 2022-05-13 | Library Block B | 2015-09-20 | AGR | 2022-03-25 | 8 | B038 | RUA000907 | Library Block B | AGR HE 2008 B038 Or.5 |